Golden Boy award - Statistics

General Stats
  • This quiz has been taken 126 times
    85 since last reset
  • The average score is 16 of 19
Answer Stats
Year Winner Country Club % Correct
2017 Kylian Mbappé France AS Monaco/Paris Saint-Germain
100%
2020 Erling Braut Haaland Norway Borussia Dortmund
99%
2019 João Félix Portugal Benfica/Atlético Madrid
99%
2005 Lionel Messi Argentina FC Barcelona
96%
2013 Paul Pogba France Juventus
96%
2021 Pedri Spain FC Barcelona
96%
2015 Anthony Martial France AS Monaco/Manchester United
95%
2018 Matthijs de Ligt Netherlands AFC Ajax
93%
2016 Renato Sanches Portugal Benfica/Bayern Munich
90%
2006 Cesc Fabregas Spain Arsenal
85%
2004 Wayne Rooney England Everton/Manchester United
85%
2011 Mario Götze Germany Borussia Dortmund
81%
2007 Sergio Agüero Argentina Atlético Madrid
79%
2010 Mario Balotelli Italy Inter Milan/Manchester City
78%
2012 Isco Spain Malaga
75%
2014 Raheem Sterling England Liverpool FC
75%
2009 Alexandre Pato Brazil AC Milan
66%
2008 Anderson Brazil Manchester United
60%
2003 Rafael van der Vaart Netherlands AFC Ajax
48%
No matching quizzes found
Score Distribution
Percent of People with Each Score
Percentile by Number Answered
Your Score History
You have not taken this quiz since the last reset